Calculas / (Record no. 233421)
[ view plain ]
| 000 -LEADER | |
|---|---|
| fixed length control field | nam a22 7a 4500 |
| 005 - DATE AND TIME OF LATEST TRANSACTION | |
| control field | 20170307151602.0 |
| 008 - FIXED-LENGTH DATA ELEMENTS--GENERAL INFORMATION | |
| fixed length control field | 170113b xxu||||| |||| 00| 0 eng d |
| 040 ## - CATALOGING SOURCE | |
| Transcribing agency | c |
| 082 ## - DEWEY DECIMAL CLASSIFICATION NUMBER | |
| Classification number | 515 |
| 100 ## - MAIN ENTRY--PERSONAL NAME | |
| Personal name | Swokowski, Earl W. |
| 245 ## - TITLE STATEMENT | |
| Title | Calculas / |
| Statement of responsibility, etc. | Earl W. Swokowski, Michael Olinick [et all] |
| 250 ## - EDITION STATEMENT | |
| Edition statement | 6th ed. |
| 260 ## - PUBLICATION, DISTRIBUTION, ETC. | |
| Place of publication, distribution, etc. | Islamabad : |
| Name of publisher, distributor, etc. | National Book Foundation, |
| Date of publication, distribution, etc. | 2008.. |
| 300 ## - PHYSICAL DESCRIPTION | |
| Extent | (i-v) p. ; |
| Dimensions | 28 cm. |
| 942 ## - ADDED ENTRY ELEMENTS (KOHA) | |
| Source of classification or shelving scheme | |
| Koha item type | Book |
| Withdrawn status | Lost status | Source of classification or shelving scheme | Damaged status | Not for loan | Permanent Location | Current Location | Date acquired | Total Checkouts | Total Renewals | Full call number | Barcode | Checked out | Date last seen | Date last checked out | Price effective from | Koha item type |
|---|---|---|---|---|---|---|---|---|---|---|---|---|---|---|---|---|
| Central Library (CL) | Central Library (CL) | 03/07/2017 | 7 | 2 | 515 SWO | SMME-BB162 | 10/24/2023 | 09/24/2023 | 09/24/2023 | 03/07/2017 | Book |
